[Event "Montigny le Bretonneux op 22nd"]
[Site "Montigny le Bretonneux"]
[Date "2023.12.29"]
[Round "6"]
[White "Mourgues, Joelle"]
[Black "Imbert, Christophe"]
[Result "0-1"]
[WhiteElo "1522"]
[BlackElo "1811"]
[PlyCount "103"]
[EventDate "2023.12.27"]
[EventType "swiss"]
[EventRounds "7"]
[EventCountry "FRA"]
[SourceTitle "CB06_2024"]
[SourceDate "2024.02.07"]
[SourceVersion "1"]
[SourceVersionDate "2024.02.07"]
[SourceQuality "1"]

1. Nf3 Nf6 2. g3 g6 3. d3 Bg7 4. Bg2 c5 5. c3 d6 6. 0-0 0-0 7. Nbd2 Nc6 8. e4 Rb8 9. a4 a6 10. Qc2 b5 11. Re1 Nd7 12. Nf1 Nb6 13. axb5 axb5 14. Ne3 Bd7 15. Bd2 e6 16. Ng4 h5 17. Ne3 d5 18. Nf1 d4 19. e5 b4 20. cxd4 cxd4 21. Qc5 Nd5 22. Nxd4 Nxe5 23. Qc2 Qb6 24. Bxd5 Qxd4 25. Bg2 Qxd3 26. Qd1 Nc4 27. Be4 Qd6 28. Bf4 e5 29. Bc1 Be6 30. Ne3 Rfd8 31. Qxd6 Rxd6 32. Nxc4 Bxc4 33. Be3 f5 34. Bf3 Rd7 35. Rac1 Bb3 36. Bd1 Bxd1 37. Rcxd1 Rbd8 38. Rxd7 Rxd7 39. b3 Rd3 40. Rb1 Bf8 41. Kf1 Kf7 42. Ke2 e4 43. f3 Ke6 44. Rb2 Bd6 45. fxe4 fxe4 46. Ra2 Rxb3 47. Ra6 Rb2+ 48. Bd2 Kd5 49. Ra5+ Kd4 50. Kd1 b3 51. Ra4+ Kd3 52. Ra5 0-1

[Event "Montigny le Bretonneux Noel op 20th"]
[Site "Montigny le Bretonneux"]
[Date "2019.12.27"]
[Round "2"]
[White "Vadillo, Torre Ismael"]
[Black "Imbert, Christophe"]
[Result "0-1"]
[WhiteElo "1633"]
[BlackElo "1955"]
[PlyCount "60"]
[EventDate "2019.12.27"]
[EventType "swiss"]
[EventRounds "7"]
[EventCountry "FRA"]
[SourceTitle "CBM 194 Extra"]
[Source "ChessBase"]
[SourceDate "2020.03.31"]
[SourceVersion "1"]
[SourceVersionDate "2020.03.31"]
[SourceQuality "1"]

1. d4 Nf6 2. Nf3 g6 3. g3 Bg7 4. Bg2 c5 5. c3 0-0 6. 0-0 d6 7. Nbd2 Nc6 8. a3 Bd7 9. e4 Qc7 10. Re1 Rac8 11. d5 Ne5 12. Nxe5 dxe5 13. c4 Ne8 14. Nf3 Nd6 15. Qc2 b5 16. b3 a5 17. Bb2 f6 18. Rab1 a4 19. Bf1 axb3 20. Qxb3 bxc4 21. Bxc4 Ra8 22. Qa2 Bh6 23. Kg2 Qc8 24. Ng1 Ra4 25. Bb3 Ra7 26. Bc1 Bg7 27. Bc4 Kh8 28. f3 Qa8 29. Re3 Re8 30. Rc3 f5 0-1

[Event "Montigny le Bretonneux Noel op 19th"]
[Site "Montigny le Bretonneux"]
[Date "2018.12.28"]
[Round "3"]
[White "Plantet, Marc"]
[Black "Imbert, Christophe"]
[Result "0-1"]
[WhiteElo "1745"]
[BlackElo "1978"]
[PlyCount "76"]
[EventDate "2018.12.26"]
[EventType "swiss"]
[EventRounds "7"]
[EventCountry "FRA"]
[SourceTitle "CBM 188 Extra"]
[Source "ChessBase"]
[SourceDate "2019.02.26"]
[SourceVersion "1"]
[SourceVersionDate "2019.02.26"]
[SourceQuality "1"]

1. e4 c5 2. Nf3 d6 3. d4 cxd4 4. Nxd4 Nf6 5. Nc3 Nc6 6. Bg5 e6 7. Qd2 a6 8. 0-0-0 Bd7 9. f4 b5 10. a3 Qb6 11. Be2 b4 12. axb4 Nxb4 13. Kb1 Rb8 14. Nb3 a5 15. Qd4 a4 16. Qxb6 Rxb6 17. Na5 d5 18. e5 Ng8 19. f5 Bc5 20. Nc4 dxc4 21. Nxa4 Rc6 22. Bxc4 Rc8 23. Rxd7 Kxd7 24. fxe6+ Kc6 25. exf7 Nh6 26. Nxc5 Kxc5 27. Be6 Rc7 28. Be3+ Kb5 29. Rf1 Rf8 30. c3 Nc6 31. c4+ Kb4 32. Bd2+ Kc5 33. Be3+ Kb4 34. Bd2+ Kc5 35. Bd5 Nxe5 36. b4+ Kd4 37. Rd1 Nhxf7 38. Kb2 Nxc4+ 0-1

[Event "Cappelle op 33rd"]
[Site "Cappelle la Grande"]
[Date "2017.02.24"]
[Round "8"]
[White "Valuet, Bertrand"]
[Black "Imbert, Christophe"]
[Result "1-0"]
[WhiteElo "2288"]
[BlackElo "2038"]
[PlyCount "77"]
[EventDate "2017.02.18"]
[EventType "swiss"]
[EventRounds "9"]
[EventCountry "FRA"]
[SourceTitle "CBM 177 Extra"]
[Source "ChessBase"]
[SourceDate "2017.04.27"]
[SourceVersion "1"]
[SourceVersionDate "2017.04.27"]
[SourceQuality "1"]

1. c4 Nf6 2. Nc3 g6 3. e4 d6 4. d4 Bg7 5. f3 Nc6 6. d5 Nb8 7. Bg5 c6 8. Qd2 cxd5 9. cxd5 Nbd7 10. Nge2 Nc5 11. Nd4 Bd7 12. Be2 Rc8 13. 0-0 Qa5 14. Rac1 0-0 15. b3 Qb4 16. Nc2 Qb6 17. Kh1 Na6 18. Ne3 h6 19. Bh4 Qb4 20. Nc4 Qc5 21. Bf2 Qc7 22. a4 Qb8 23. Be3 Nc5 24. Qa2 e6 25. Bf4 Ne8 26. Rfd1 g5 27. Bg3 Bxc3 28. Rxc3 e5 29. Rdc1 b6 30. Ne3 Ng7 31. Bb5 Qb7 32. Qc2 a5 33. Bxd7 Qxd7 34. Ng4 f5 35. Nxh6+ Kh7 36. Nxf5 Nxf5 37. exf5 Rf6 38. Bf2 Rxf5 39. g4 1-0

[Event "Cappelle op 33rd"]
[Site "Cappelle la Grande"]
[Date "2017.02.20"]
[Round "4"]
[White "Imbert, Christophe"]
[Black "Zachary, Matheo"]
[Result "0-1"]
[WhiteElo "2038"]
[BlackElo "2147"]
[PlyCount "96"]
[EventDate "2017.02.18"]
[EventType "swiss"]
[EventRounds "9"]
[EventCountry "FRA"]
[SourceTitle "CBM 177 Extra"]
[Source "ChessBase"]
[SourceDate "2017.04.27"]
[SourceVersion "1"]
[SourceVersionDate "2017.04.27"]
[SourceQuality "1"]

1. e4 c5 2. Nf3 Nc6 3. d4 cxd4 4. Nxd4 e5 5. Nb5 d6 6. N1c3 a6 7. Na3 b5 8. Nd5 Nge7 9. c4 Nd4 10. Nxe7 Bxe7 11. Nc2 Bg4 12. Qd2 Bg5 13. Qc3 Rc8 14. Nxd4 exd4 15. Qxd4 0-0 16. Bxg5 Qxg5 17. Qd2 Qe5 18. f3 Be6 19. Be2 bxc4 20. Rc1 Qc5 21. Rc3 Rfd8 22. Qe3 Qa5 23. 0-0 Qxa2 24. f4 d5 25. exd5 Bxd5 26. Rc2 Re8 27. Qc3 Qa4 28. Bf3 Bxf3 29. Rxf3 Qd7 30. h3 Qf5 31. Kh2 Rb8 32. Qd2 Rb3 33. Rxc4 Rxf3 34. gxf3 h6 35. Rd4 Kh7 36. Rd5 Qb1 37. Re5 Rc8 38. Re1 Qc2 39. Re2 Qb3 40. Re3 Qb5 41. b3 g6 42. Rd3 Rc5 43. Rd8 Rc7 44. Qb2 f6 45. Qd2 Re7 46. Kg3 Qxb3 47. Qd6 Qe3 48. Rd7 Qg1+ 0-1

[Event "Montigny le Bretonneux Noel op 15th"]
[Site "Montigny le Bretonneux"]
[Date "2012.12.31"]
[Round "7"]
[White "Imbert, Christophe"]
[Black "Etrog, Jonathan"]
[Result "1/2-1/2"]
[WhiteElo "2039"]
[BlackElo "2170"]
[PlyCount "45"]
[EventDate "2012.12.26"]
[EventType "swiss"]
[EventRounds "7"]
[EventCountry "FRA"]
[SourceTitle "CBM 152 Extra"]
[Source "ChessBase"]
[SourceDate "2013.02.25"]
[SourceVersion "1"]
[SourceVersionDate "2013.02.25"]
[SourceQuality "1"]

1. e4 e6 2. d4 d5 3. Nc3 Bb4 4. e5 c5 5. a3 Bxc3+ 6. bxc3 Qa5 7. Bd2 Qa4 8. Qb1 c4 9. h4 Nc6 10. h5 Bd7 11. h6 Nxh6 12. Bxh6 gxh6 13. Rxh6 Qa5 14. Kd2 Nxd4 15. Qb4 Qd8 16. f4 Nc6 17. Qc5 Qe7 18. Qxe7+ Nxe7 19. Ne2 0-0-0 20. Nd4 Rdg8 21. Re1 Rg4 22. Ke3 Rg3+ 23. Kd2 1/2-1/2

[Event "Montigny le Bretonneux Noel op 15th"]
[Site "Montigny le Bretonneux"]
[Date "2012.12.29"]
[Round "5"]
[White "Fayolle, Guy"]
[Black "Imbert, Christophe"]
[Result "0-1"]
[WhiteElo "1820"]
[BlackElo "2039"]
[PlyCount "38"]
[EventDate "2012.12.26"]
[EventType "swiss"]
[EventRounds "7"]
[EventCountry "FRA"]
[SourceTitle "CBM 152 Extra"]
[Source "ChessBase"]
[SourceDate "2013.02.25"]
[SourceVersion "1"]
[SourceVersionDate "2013.02.25"]
[SourceQuality "1"]

1. e4 c5 2. Nf3 d6 3. d4 cxd4 4. Nxd4 Nf6 5. Nc3 Nc6 6. Be3 e5 7. Nxc6 bxc6 8. Be2 Be7 9. f4 exf4 10. Bxf4 0-0 11. e5 dxe5 12. Qxd8 Bxd8 13. Bxe5 Re8 14. 0-0-0 Nd5 15. Nxd5 cxd5 16. Rxd5 Bb7 17. Bf3 Bxd5 18. Bxd5 Bg5+ 19. Kb1 Rad8 0-1

[Event "Paris-ch op-B 87th"]
[Site "Paris"]
[Date "2012.07.13"]
[Round "7"]
[White "Imbert, Christophe"]
[Black "Ternault, Mathieu"]
[Result "0-1"]
[WhiteElo "2033"]
[BlackElo "2130"]
[PlyCount "117"]
[EventDate "2012.07.07"]
[EventType "swiss"]
[EventRounds "9"]
[EventCountry "FRA"]
[SourceTitle "EXT 2013"]
[Source "ChessBase"]
[SourceDate "2012.11.22"]
[SourceVersion "1"]
[SourceVersionDate "2012.11.22"]
[SourceQuality "1"]

1. e4 e6 2. d4 d5 3. Nc3 Bb4 4. e5 c5 5. a3 Bxc3+ 6. bxc3 Ne7 7. Nf3 b6 8. Bb5+ Bd7 9. Bd3 Ba4 10. 0-0 h6 11. dxc5 bxc5 12. Re1 Nbc6 13. g3 Rb8 14. Bf1 0-0 15. Be3 Qa5 16. Qd2 Nf5 17. Bf4 d4 18. g4 dxc3 19. Qc1 Nfd4 20. Bg2 f5 21. Nh4 Ne7 22. gxf5 exf5 23. Nxf5 Ndxf5 24. Be4 Qc7 25. Bxf5 Rxf5 26. Bg3 Bc6 27. Rd1 Ba8 28. Rd6 Qb7 29. Kf1 Qg2+ 30. Ke2 Rbf8 31. Qe3 Bd5 32. Re1 Rc8 33. Qxc3 Rf3 34. Qa5 Kh7 35. Qxa7 Rc3 36. Rd7 Rg8 37. Kd2 Rxg3 38. hxg3 Qxf2+ 39. Re2 Qd4+ 40. Ke1 Qg1+ 41. Kd2 Qd4+ 42. Ke1 Qc3+ 43. Kf2 Qf3+ 44. Ke1 Qxg3+ 45. Kd2 Qf4+ 46. Ke1 Qc1+ 47. Kf2 Qf4+ 48. Ke1 Qc1+ 49. Kf2 Bc4 50. Qxc5 Qf4+ 51. Ke1 Rf8 52. Qg1 Qc1+ 53. Rd1 Qxa3 54. Rd7 Qa1+ 55. Rd1 Qc3+ 56. Rdd2 Bxe2 57. Kxe2 Qf3+ 58. Ke1 Rb8 59. Rd1 0-1

[Event "Yvelines-ch"]
[Site "Fontenay le Fleury"]
[Date "2012.02.18"]
[Round "2"]
[White "Fayolle, Guy"]
[Black "Imbert, Christophe"]
[Result "0-1"]
[WhiteElo "1777"]
[BlackElo "2090"]
[PlyCount "80"]
[EventDate "2012.02.18"]
[EventType "swiss"]
[EventRounds "7"]
[EventCountry "FRA"]
[SourceTitle "EXT 2013"]
[Source "ChessBase"]
[SourceDate "2012.11.22"]
[SourceVersion "1"]
[SourceVersionDate "2012.11.22"]
[SourceQuality "1"]

1. e4 e5 2. Nf3 Nc6 3. Bb5 a6 4. Ba4 Nf6 5. 0-0 Be7 6. Re1 b5 7. Bb3 0-0 8. c3 d6 9. d4 Bg4 10. d5 Na5 11. Bc2 c6 12. dxc6 Qc7 13. Nbd2 Qxc6 14. Nf1 Nc4 15. Ne3 Nxe3 16. Rxe3 Nd7 17. Bb3 Nb6 18. Qd3 Nc4 19. Re1 Rad8 20. Nd2 Be6 21. Bxc4 bxc4 22. Qg3 f5 23. exf5 Rxf5 24. Nf3 Rf6 25. Nh4 Rdf8 26. Bg5 R6f7 27. Bxe7 Rxe7 28. Qe3 Bc8 29. Nf3 Bb7 30. Re2 Ref7 31. Ne1 Rf4 32. f3 e4 33. Rf2 R4f6 34. Rd1 Qa4 35. Rdd2 Re8 36. Qb6 e3 37. Qxb7 exd2 38. Qd5+ Rfe6 39. Rxd2 Qb5 40. Qxb5 Rxe1+ 0-1

[Event "Yvelines-ch"]
[Site "Fontenay le Fleury"]
[Date "2012.02.18"]
[Round "1"]
[White "Imbert, Christophe"]
[Black "Rodriguez, Jean Pierre"]
[Result "1-0"]
[WhiteElo "2090"]
[BlackElo "1641"]
[PlyCount "75"]
[EventDate "2012.02.18"]
[EventType "swiss"]
[EventRounds "7"]
[EventCountry "FRA"]
[SourceTitle "EXT 2013"]
[Source "ChessBase"]
[SourceDate "2012.11.22"]
[SourceVersion "1"]
[SourceVersionDate "2012.11.22"]
[SourceQuality "1"]

1. e4 c6 2. d4 d5 3. exd5 cxd5 4. c4 Nf6 5. Nf3 e6 6. Nc3 dxc4 7. Bxc4 Be7 8. 0-0 0-0 9. Ne5 a6 10. a4 Qc7 11. Qe2 Nbd7 12. Nxf7 Nb6 13. Ne5 Nxc4 14. Qxc4 Bd6 15. Qe2 Bd7 16. h3 Rae8 17. Bd2 Bxe5 18. Qxe5 Qxe5 19. dxe5 Nd5 20. Ne4 Bc6 21. Nd6 Re7 22. f4 b5 23. Rac1 Bd7 24. axb5 axb5 25. Ra1 Bc8 26. g3 b4 27. Rfc1 Bb7 28. h4 h6 29. h5 Rd7 30. Rc4 b3 31. Rc5 Ne7 32. Ra7 Bc6 33. Rxd7 Bxd7 34. Rc7 Rd8 35. Rb7 Nc6 36. Bc3 Be8 37. g4 Rb8 38. Rc7 1-0

[Event "Montigny le Bretonneux Noel op 14th"]
[Site "Montigny le Bretonneux"]
[Date "2011.12.30"]
[Round "6.4"]
[White "Imbert, Christophe"]
[Black "Bouvier, Clement"]
[Result "1-0"]
[WhiteElo "2094"]
[BlackElo "1856"]
[PlyCount "60"]
[EventDate "2011.12.26"]
[EventType "swiss"]
[EventRounds "7"]
[EventCountry "FRA"]
[SourceTitle "EXT 2014"]
[Source "ChessBase"]
[SourceDate "2013.11.20"]
[SourceVersion "1"]
[SourceVersionDate "2013.11.20"]
[SourceQuality "1"]

1. e4 c5 2. Nc3 e6 3. g3 Nc6 4. Bg2 a6 5. d3 Nge7 6. Nge2 Ng6 7. h4 Rb8 8. h5 Nge7 9. Bg5 h6 10. Bf4 e5 11. Be3 d6 12. f4 Bg4 13. Rh4 f5 14. Qd2 g5 15. hxg6 Nxg6 16. Rh1 Nd4 17. exf5 Nxf5 18. Be4 h5 19. 0-0-0 Bh6 20. Bxf5 Bxf5 21. fxe5 Bxe3 22. Qxe3 Nxe5 23. d4 cxd4 24. Nxd4 Bg4 25. Rdf1 Kd7 26. Nd5 Rf8 27. Qh6 Nf3 28. Qg7+ Kc8 29. Ne7+ Kc7 30. Nd5+ Kc8 1-0

[Event "Montigny le Bretonneux Noel op 13th"]
[Site "Montigny le Bretonneux"]
[Date "2010.12.29"]
[Round "5"]
[White "Imbert, Christophe"]
[Black "Kambrath, Yannick"]
[Result "1/2-1/2"]
[WhiteElo "2094"]
[BlackElo "2044"]
[PlyCount "110"]
[EventDate "2010.12.26"]
[EventType "swiss"]
[EventRounds "7"]
[EventCountry "FRA"]
[SourceTitle "CBM 140 Extra"]
[Source "ChessBase"]
[SourceDate "2011.03.01"]
[SourceVersion "1"]
[SourceVersionDate "2011.03.01"]
[SourceQuality "1"]

1. e4 e5 2. Nf3 Nc6 3. Bb5 a6 4. Ba4 Nf6 5. 0-0 b5 6. Bb3 Bb7 7. c3 Nxe4 8. Re1 d5 9. d3 Nc5 10. Bc2 Be7 11. Nxe5 Nxe5 12. Rxe5 0-0 13. d4 Nd7 14. Qd3 g6 15. Re1 Bd6 16. Nd2 Nf6 17. Nf3 Ne4 18. Qf1 Re8 19. Ne5 c5 20. f3 Ng5 21. Bd2 cxd4 22. cxd4 Ne6 23. Ng4 h5 24. Ne3 Nxd4 25. Bd3 Ne6 26. Rad1 d4 27. Nc2 Qf6 28. Be4 Bxe4 29. Rxe4 Rad8 30. Ba5 Rd7 31. Kh1 Bc5 32. Qd3 Rc8 33. Bd2 Bb6 34. Rde1 Rdd8 35. b4 Bc7 36. a4 Rb8 37. axb5 axb5 38. Na1 Bd6 39. Nb3 Bf8 40. Re5 Bd6 41. Rxb5 Rxb5 42. Qxb5 Qh4 43. g3 Bxg3 44. Re2 d3 45. Rg2 Be1 46. Qe5 Bxd2 47. Nxd2 Nf4 48. Rg5 Rc8 49. Rg1 Ne2 50. Ne4 Qf4 51. Qxf4 Nxf4 52. Nc5 Rd8 53. Rd1 d2 54. Ne4 Rd4 55. Rxd2 Rxb4 1/2-1/2

[Event "FRA-chT2 1011"]
[Site "France"]
[Date "2010.10.17"]
[Round "1.6"]
[White "Guerin, Francois"]
[Black "Imbert, Christophe"]
[Result "1/2-1/2"]
[WhiteElo "2093"]
[BlackElo "2094"]
[PlyCount "63"]
[EventDate "2010.10.17"]
[EventType "team-tourn"]
[EventRounds "11"]
[EventCountry "FRA"]
[SourceTitle "EXT 2012"]
[Source "ChessBase"]
[SourceDate "2011.11.24"]
[SourceVersion "1"]
[SourceVersionDate "2011.11.24"]
[SourceQuality "1"]

1. e4 c5 2. c3 d5 3. exd5 Qxd5 4. d4 Nf6 5. Nf3 Nc6 6. Be3 e6 7. dxc5 Qxd1+ 8. Kxd1 Ng4 9. b4 Nxe3+ 10. fxe3 Be7 11. Nbd2 0-0 12. Nb3 Bf6 13. Kc2 a5 14. b5 a4 15. Nbd2 Nb4+ 16. cxb4 Bxa1 17. Bd3 Bf6 18. Nc4 e5 19. Nb6 Rb8 20. Nxc8 Rfxc8 21. Nd2 Bg5 22. Nc4 Rd8 23. Be4 Kf8 24. Rf1 Bf6 25. Bxh7 Ke7 26. Be4 Rh8 27. h3 Rh4 28. Bd5 Rd8 29. Nd6 Rxb4 30. Bxb7 Rxd6 31. cxd6+ Kxd6 32. Rb1 1/2-1/2

[Event "FRA-chT2 0910"]
[Site "France"]
[Date "2009.11.22"]
[Round "4.7"]
[White "Marchadour, Emilie"]
[Black "Imbert, Christophe"]
[Result "0-1"]
[WhiteElo "2072"]
[BlackElo "2107"]
[PlyCount "122"]
[EventDate "2009.09.27"]
[EventType "team-tourn"]
[EventRounds "11"]
[EventCountry "FRA"]
[SourceTitle "EXT 2011"]
[Source "ChessBase"]
[SourceDate "2010.11.26"]
[SourceVersion "1"]
[SourceVersionDate "2010.11.26"]
[SourceQuality "1"]

1. e4 e5 2. Nf3 Nc6 3. Bb5 a6 4. Ba4 Nf6 5. 0-0 Be7 6. Re1 b5 7. Bb3 d6 8. c3 0-0 9. h3 Na5 10. Bc2 c5 11. d4 Nd7 12. Nbd2 cxd4 13. cxd4 Nc6 14. Nf1 exd4 15. Nxd4 Nxd4 16. Qxd4 Ne5 17. Qd1 Bd7 18. Ne3 Rc8 19. Nd5 Bh4 20. Be3 Be6 21. Bb3 Nc4 22. Bxc4 Rxc4 23. Bb6 Qb8 24. Bd4 Bxd5 25. exd5 Qb7 26. b3 Rxd4 27. Qxd4 Bf6 28. Qd3 Bxa1 29. Rxa1 Rc8 30. Re1 g6 31. Qd4 Qc7 32. h4 Qc5 33. Qe4 h5 34. Qf3 Rc7 35. Qf6 Rc8 36. Qf3 Rc7 37. Re8+ Kg7 38. Ra8 Qd4 39. g3 Rc1+ 40. Kg2 Rc3 41. Qe2 Rd3 42. Re8 Rd2 43. Qe3 Rxf2+ 44. Kg1 Qxe3 45. Rxe3 Rxa2 46. Re7 Rb2 47. Ra7 Rxb3 48. Rxa6 Rxg3+ 49. Kh2 Rd3 50. Rxd6 b4 51. Rb6 b3 52. Kg2 Kf8 53. Kf2 Rh3 54. Kg2 Rxh4 55. Rxb3 Rd4 56. Rb1 Ke7 57. Rb7+ Kf6 58. Rd7 g5 59. Rd6+ Kf5 60. Rh6 h4 61. d6 f6 0-1

[Event "FRA-chT2 North 0809"]
[Site "France"]
[Date "2009.04.05"]
[Round "11.4"]
[White "Gosset, Arnaud"]
[Black "Imbert, Christophe"]
[Result "1-0"]
[WhiteElo "2184"]
[BlackElo "2119"]
[PlyCount "81"]
[EventDate "2008.10.19"]
[EventType "team-tourn"]
[EventRounds "11"]
[EventCountry "FRA"]
[SourceTitle "EXT 2010"]
[Source "ChessBase"]
[SourceDate "2010.11.25"]
[SourceVersion "1"]
[SourceVersionDate "2010.11.25"]
[SourceQuality "1"]
[WhiteTeam "Noyon II"]
[BlackTeam "Le Vesinet"]
[WhiteTeamCountry "FRA"]
[BlackTeamCountry "FRA"]

1. Nf3 Nf6 2. c4 g6 3. Nc3 Bg7 4. e4 d6 5. d4 0-0 6. Be2 e5 7. dxe5 dxe5 8. Qxd8 Rxd8 9. Bg5 Re8 10. 0-0-0 Bd7 11. Ne1 h6 12. Be3 Nc6 13. Nc2 Red8 14. f3 a6 15. Kb1 Be6 16. Nd5 Ne8 17. Rd3 Kh7 18. Rhd1 f5 19. c5 Rdc8 20. Rc3 Nf6 21. Bc4 Bxd5 22. Bxd5 fxe4 23. Bxe4 Nxe4 24. fxe4 Rd8 25. Rcd3 Rxd3 26. Rxd3 Rd8 27. Rxd8 Nxd8 28. Nb4 Kg8 29. c6 bxc6 30. Nxa6 Ne6 31. a4 Bf8 32. a5 c5 33. Nb8 c6 34. Nxc6 Bd6 35. Bxh6 Nc7 36. Bd2 Kf8 37. Bc3 Na6 38. Bxe5 Bxe5 39. Nxe5 Kg7 40. Kc2 Kf6 41. Nxg6 1-0

[Event "FRA-chT2 North 0809"]
[Site "France"]
[Date "2009.01.18"]
[Round "6.6"]
[White "Imbert, Christophe"]
[Black "Dessaux, David"]
[Result "1-0"]
[WhiteElo "2119"]
[BlackElo "1987"]
[PlyCount "69"]
[EventDate "2008.10.19"]
[EventType "team-tourn"]
[EventRounds "11"]
[EventCountry "FRA"]
[SourceTitle "EXT 2010"]
[Source "ChessBase"]
[SourceDate "2010.11.25"]
[SourceVersion "1"]
[SourceVersionDate "2010.11.25"]
[SourceQuality "1"]
[WhiteTeam "Le Vesinet"]
[BlackTeam "Arras"]
[WhiteTeamCountry "FRA"]
[BlackTeamCountry "FRA"]

1. e4 c5 2. Nc3 d6 3. g3 g6 4. Bg2 Bg7 5. d3 e6 6. Nf3 Ne7 7. 0-0 0-0 8. Be3 Nbc6 9. Qd2 Qb6 10. Rab1 Nd4 11. Ne1 Nb5 12. Nxb5 Qxb5 13. c3 Re8 14. d4 d5 15. dxc5 dxe4 16. Bxe4 Qa4 17. b4 a5 18. Nc2 Qxa2 19. Bd4 e5 20. Ra1 Qc4 21. Bd3 Qd5 22. c4 Qc6 23. b5 Qf3 24. Be2 Qf6 25. Bc3 Bh3 26. Rfd1 Red8 27. Qxd8+ Rxd8 28. Rxd8+ Bf8 29. Rxa5 Nc6 30. bxc6 Qxd8 31. cxb7 Qc7 32. Bf3 e4 33. Bxe4 Qd8 34. Ne3 Qc7 35. Ra8 1-0

[Event "FRA-chT2 North 0809"]
[Site "France"]
[Date "2009.01.17"]
[Round "5.5"]
[White "Kieffer, Christian"]
[Black "Imbert, Christophe"]
[Result "1-0"]
[WhiteElo "2093"]
[BlackElo "2119"]
[PlyCount "79"]
[EventDate "2008.10.19"]
[EventType "team-tourn"]
[EventRounds "11"]
[EventCountry "FRA"]
[SourceTitle "EXT 2010"]
[Source "ChessBase"]
[SourceDate "2010.11.25"]
[SourceVersion "1"]
[SourceVersionDate "2010.11.25"]
[SourceQuality "1"]
[WhiteTeam "Le Touquet"]
[BlackTeam "Le Vesinet"]
[WhiteTeamCountry "FRA"]
[BlackTeamCountry "FRA"]

1. e4 e5 2. Nf3 Nc6 3. Nc3 Nf6 4. Bb5 Bb4 5. 0-0 0-0 6. d3 d6 7. Bg5 Bg4 8. Bxc6 bxc6 9. h3 Bc8 10. Ne2 h6 11. Be3 Ba5 12. c4 c5 13. Ng3 Kh7 14. Nh2 c6 15. Ng4 Nxg4 16. hxg4 g6 17. f3 f5 18. gxf5 gxf5 19. exf5 Rg8 20. Ne4 Bxf5 21. Rf2 Bc7 22. g4 Rg6 23. Rg2 d5 24. Nxc5 Qe7 25. cxd5 cxd5 26. Rc1 Rag8 27. Rcc2 Bb6 28. gxf5 Rxg2+ 29. Rxg2 Rxg2+ 30. Kxg2 Bxc5 31. Bxc5 Qxc5 32. Qa4 Qc7 33. Kh3 Qf7 34. Qg4 d4 35. Kh4 Kh8 36. Qg6 Qxa2 37. f6 Qg8 38. Qxh6+ Qh7 39. Qxh7+ Kxh7 40. Kg5 1-0

[Event "FRA-chT2 North 0809"]
[Site "France"]
[Date "2008.11.22"]
[Round "2.6"]
[White "Miller, Vincent"]
[Black "Imbert, Christophe"]
[Result "1/2-1/2"]
[WhiteElo "2011"]
[BlackElo "2119"]
[PlyCount "105"]
[EventDate "2008.10.19"]
[EventType "team-tourn"]
[EventRounds "11"]
[EventCountry "FRA"]
[SourceTitle "EXT 2010"]
[Source "ChessBase"]
[SourceDate "2010.11.25"]
[SourceVersion "1"]
[SourceVersionDate "2010.11.25"]
[SourceQuality "1"]
[WhiteTeam "Henin Beaumont"]
[BlackTeam "Le Vesinet"]
[WhiteTeamCountry "FRA"]
[BlackTeamCountry "FRA"]

1. d4 Nf6 2. Nf3 g6 3. Nc3 d5 4. Bf4 Bg7 5. e3 0-0 6. Be2 Nbd7 7. Ne5 c6 8. h4 h5 9. Bf3 Qb6 10. Na4 Qa6 11. Nc3 Nxe5 12. Bxe5 Ng4 13. Bxg7 Kxg7 14. Qe2 Qxe2+ 15. Nxe2 f6 16. e4 dxe4 17. Bxe4 e5 18. dxe5 Nxe5 19. 0-0-0 f5 20. Bd3 Ng4 21. Rhf1 Be6 22. Nf4 Rfe8 23. Nxe6+ Rxe6 24. Bc4 Re7 25. Rd2 Nf6 26. f3 Rae8 27. Rfd1 Re3 28. a4 R8e5 29. Rd3 Re2 30. R3d2 R2e3 31. b3 Re7 32. Rd3 Rxd3 33. Rxd3 Re1+ 34. Rd1 Re7 35. Rd4 Nd7 36. Kd2 Nb6 37. a5 Nd7 38. Bd3 a6 39. Rd6 Nf6 40. Bc4 Re5 41. Re6 Rxe6 42. Bxe6 Ne8 43. Ke3 Kf6 44. Bc4 Nd6 45. Bf1 Ke5 46. g3 Nc8 47. Bc4 Ne7 48. f4+ Kd6 49. c3 Nd5+ 50. Kd3 c5 51. Kd2 Kc6 52. Be2 Nf6 53. Bf3+ 1/2-1/2

[Event "FRA-chT2 North 0809"]
[Site "France"]
[Date "2008.10.19"]
[Round "1.4"]
[White "Manoeuvre, Antoine"]
[Black "Imbert, Christophe"]
[Result "1-0"]
[WhiteElo "2111"]
[BlackElo "2119"]
[PlyCount "93"]
[EventDate "2008.10.19"]
[EventType "team-tourn"]
[EventRounds "11"]
[EventCountry "FRA"]
[SourceTitle "EXT 2010"]
[Source "ChessBase"]
[SourceDate "2010.11.25"]
[SourceVersion "1"]
[SourceVersionDate "2010.11.25"]
[SourceQuality "1"]
[WhiteTeam "Saint Mande"]
[BlackTeam "Le Vesinet"]
[WhiteTeamCountry "FRA"]
[BlackTeamCountry "FRA"]

1. d4 Nf6 2. c4 g6 3. Nc3 Bg7 4. e4 d6 5. Be2 0-0 6. Nf3 e5 7. 0-0 Nc6 8. d5 Ne7 9. b4 Nh5 10. Re1 f5 11. Ng5 Nf6 12. Bf3 fxe4 13. Ncxe4 a5 14. Bd2 Nxe4 15. Nxe4 axb4 16. Bxb4 b6 17. a4 Nf5 18. Bg4 Nd4 19. Bxc8 Rxc8 20. Qd3 Qh4 21. a5 bxa5 22. Rxa5 Rb8 23. Bc3 Rb3 24. Ra7 Qd8 25. Rea1 Qb8 26. Qd1 Qb6 27. R7a6 Qb7 28. Ra7 Qb6 29. R7a6 Qb7 30. Ra7 Qb6 31. h3 Nf5 32. Kh2 Bh6 33. R1a6 Qb8 34. Ra8 Qb7 35. R8a7 Qb8 36. Ra8 Qb7 37. R8a7 Qb8 38. Bd2 Rb1 39. Qg4 Bxd2 40. Nxd2 Qb2 41. Nxb1 Qxb1 42. Rxc7 Rf7 43. Ra8+ Kg7 44. Rxf7+ Kxf7 45. Ra7+ Kg8 46. Qg5 Qb8 47. Rd7 1-0

[Event "Montigny le Bretonneux Noel op 10th"]
[Site "Montigny le Bretonneux"]
[Date "2007.12.29"]
[Round "5"]
[White "Ferreira, Carlos Andre Santos"]
[Black "Imbert, Christophe"]
[Result "1/2-1/2"]
[WhiteElo "1981"]
[BlackElo "2130"]
[PlyCount "120"]
[EventDate "2007.12.26"]
[EventType "swiss"]
[EventRounds "7"]
[EventCountry "FRA"]
[SourceTitle "CBM 122 Extra"]
[Source "ChessBase"]
[SourceDate "2008.03.04"]
[SourceVersion "1"]
[SourceVersionDate "2008.03.04"]
[SourceQuality "1"]

1. e4 e5 2. Nf3 Nc6 3. Bb5 a6 4. Ba4 Nf6 5. 0-0 Be7 6. Re1 b5 7. Bb3 d6 8. c3 0-0 9. d3 Na5 10. Bc2 c5 11. Nbd2 Nc6 12. Nf1 Ne8 13. Ne3 g6 14. Nd5 Ng7 15. Bh6 Re8 16. Nxe7+ Qxe7 17. Ng5 Ne6 18. Nxe6 Bxe6 19. Qd2 Rab8 20. f4 exf4 21. Qxf4 Ne5 22. Bg5 Qc7 23. h3 f5 24. exf5 Bxf5 25. Qg3 Nf7 26. Bf4 Qc6 27. a4 Rxe1+ 28. Qxe1 bxa4 29. Bxa4 Qd5 30. Be8 Rxb2 31. Bxf7+ Kxf7 32. Qg3 Qxd3 33. Qxd3 Bxd3 34. Bxd6 Rc2 35. Bxc5 Rxc3 36. Bf2 Ke6 37. Ra5 Bb5 38. Ra1 Kd5 39. Rd1+ Bd3 40. Ra1 Kc6 41. Bh4 Rc2 42. g4 Kd5 43. Ra4 Bc4 44. Ra3 Ke4 45. Bg5 Bd3 46. h4 Be2 47. h5 gxh5 48. gxh5 Rc5 49. Bd2 Bd3 50. h6 Rc2 51. Ra4+ Kf3 52. Rf4+ Ke2 53. Rf2+ Kd1 54. Be3 Be2 55. Rf7 Rc3 56. Rd7+ Bd3 57. Kf2 Kc2 58. Rd5 Kb3 59. Bd2 Kc4 60. Bxc3 Kxc3 1/2-1/2